|
|
|
|
| LEADER |
00000nam0a2200000 4500 |
| 001 |
356141 |
| 005 |
20231102010851.0 |
| 035 |
|
|
|a (RuTPU)RU\TPU\retro\13401
|
| 090 |
|
|
|a 356141
|
| 100 |
|
|
|a 20200715d1960 k y0rusy50 ca
|
| 101 |
0 |
|
|a rus
|
| 102 |
|
|
|a RU
|
| 105 |
|
|
|a y z 000zy
|
| 200 |
1 |
|
|a Опыт применения центрифужного анализа для диагностики тонкодисперсных продуктов зоны окисления
|e [оттиск статьи]
|f В. К. Черепнин, Р. С. Журавлев
|
| 210 |
|
|
|d 1960
|
| 215 |
|
|
|a С. 141-145
|c табл.
|
| 225 |
1 |
|
|a Труды института геологии и геофизики СО АН СССР
|v Вып. 4
|
| 316 |
|
|
|5 63413507: ШкА2/536
|a На с. 141 дарственная надпись: "В библиотеку ТПИ. В. Черепнин. 5.10.66"
|
| 320 |
|
|
|a Библиогр.: с. 144-145
|
| 606 |
1 |
|
|a Сульфидные месторождения
|x Зоны окисления
|2 stltpush
|3 (RuTPU)RU\TPU\subj\58272
|9 76077
|
| 610 |
1 |
|
|a коллекция ТПУ
|
| 610 |
1 |
|
|a труды учёных ТПУ
|
| 610 |
1 |
|
|a оттиски
|
| 610 |
1 |
|
|a дарственные надписи
|
| 610 |
1 |
|
|a дары автора
|
| 610 |
1 |
|
|a дары библиотеке
|
| 610 |
1 |
|
|a геологические образования
|
| 610 |
1 |
|
|a тонкодисперсные материалы
|
| 610 |
1 |
|
|a центрифугирование
|
| 610 |
1 |
|
|a окрашивания
|
| 610 |
1 |
|
|a тяжелые жидкости
|
| 675 |
|
|
|a 553.4.06
|v 4
|
| 700 |
|
1 |
|a Черепнин
|b В. К.
|c российский геолог
|c профессор Томского политехнического института
|f 1916-1985
|g Владимир Константинович
|x TPU
|2 stltpush
|3 (RuTPU)RU\TPU\pers\19885
|
| 701 |
|
1 |
|a Журавлев
|b Р. С.
|
| 801 |
|
1 |
|a RU
|b 63413507
|c 20200715
|
| 942 |
|
|
|c BK
|